Leader xxxxxxxxxx
001 __ PCLIS00049738
005 __ 20221028093013.0
010 0_ |a978-986-272-876-5|b平裝|dNT$220
100 __ |a20160421d2015 m y0chiy09 e
101 0_ |achi
102 __ |atw
105 __ |ay z 000ay
200 1_ |a驀然回首,你依然在|dOur love|zeng|fSunry著
205 __ |a初版
210 __ |a臺北市|c商周出版|c高見文化總經銷|d2015[民104]
215 0_ |a257面|d21公分|e1冊別冊
225 2_ |aNovel@net|v250
225 2_ |a網路小說|v250
300 __ |a作者號由t037取自責任編輯楊如玉
300 __ |a別冊內容: 番外: 雨天的小故事 / 晴菜
510 1_ |aOur love|zeng
606 __ |2cst|a長篇小說
681 __ |a857.7|b8663
700 _0 |aSunry|4著
801 _0 |atw|b內湖高中|c20160421|gCCR
801 _1 |atw|b內湖高中|c20161124|gCCR
801 _2 |atw|b內湖高中|c20221028|gCCR
|